000 00674nam a2200229 a 4500
001 19065
003 CO-ViMGA
008 141112s2004 ck r 000 u spa d
020 _a8471143658
040 _aCO-ViMGA
_bspa
_cCO-ViMGA
082 0 4 _a635.91 M471p.
100 1 _aMiralles de Imperial, Rosario
_927341
245 1 0 _aFlores secas de nuestros campos y jardines
260 _aMadrid :
_bMundi - prensa; 1992
300 _a156 p.
490 _aAgroguías Mundi - prensa
590 _aForma de adquisición : Proyecto 2005 - - Precio :
_35.100
650 1 4 _aFLORES SECAS
_94725
650 1 4 _aJARDINERIA
650 1 4 _aPLANTAS ORNAMENTALES
_953673
942 _2ddc
_cBK
999 _c28251
_d28251